000 00568nam a2200217Ia 4500
003 OSt
005 20220928143519.0
006 a|||||r|||| 00| 0
007 ta
008 220927b |||||||| |||| 00| 0 eng d
024 _a22214
037 _cTextual
040 _aSDCL
_cSDCL
_beng
041 _2eng
_aeng
082 _aO15,1D:g, P2
100 _aTripathi Ramkripal
_9505487
245 0 _aKavyatrimahakavyeshu kavyeshastriye-gunsamiksham.
260 _c2002
942 _hO15,1D:g, P2
_cTEXL
_2CC
999 _c824215
_d824215